The Breakfast Club Trivia - Statistics

General Stats
  • This quiz has been taken 782 times
  • The average score is 7 of 13
Answer Stats
Question Answer % Correct
In what year was the breakfast club released? 1985
92%
Which character is nicknamed the criminal? John Bender
91%
What's the name of Molly Ringwald's character? Claire Standish
86%
Which characters birthday is March 12th? Brian Johnson
68%
Who wrote and directed the film? John Hughes
66%
Which character didn't do anything to be in detention? Allison Reynolds
64%
Who plays Andrew Clark? Emilio Estevez
63%
Who says the line 'We're all pretty bizarre. Some of us are just better at hiding it, that's all.'? Andrew Clark
58%
What was Brian supposed to make for Shop? Ceramic Elephant Light
44%
Why is John Bender in detention? Pulls a false fire alarm
33%
Which actor/actress suggested the David Bowie quote at the beginning of the film? Ally Sheedy
31%
Which Prince album is Allison looking at during lunch? 1999
15%
Which other actress was considered to play Claire? Jodie Foster
5%
No matching quizzes found
Score Distribution
Percent of People with Each Score
Percentile by Number Answered
Your Score History
You have not taken this quiz